Statistics for FIFA FOOTBALL ENGLAND PLAYER BY PICTURE

Click here to take the quiz!

General Stats

  • This quiz has been taken 59 times
  • The average score is 42 of 48

Answer Stats

Answer% Correct
Marcus Rashford
100%
Phil Foden
100%
Wayne Rooney
100%
Bukayo Saka
98%
David Beckham
98%
Frank Lampard
98%
Harry Maguire
98%
Jack Grealish
98%
Jadon Sancho
98%
Dele Alli
97%
Harry Kane
97%
Jordan Pickford
97%
Kyle Walker
97%
Steven Gerrard
97%
Jude Bellingham
95%
Mason Mount
95%
Raheem Sterling
95%
Jamie Vardy
93%
Trent Alexander-Arnold
93%
Jordan Henderson
91%
Luke Shaw
91%
Alan Shearer
90%
Declan Rice
90%
John Stones
90%
Rio Ferdinand
90%
James Maddison
88%
John Terry
88%
Reece James
88%
Gary Neville
86%
James Milner
86%
Joe Hart
86%
Kieran Trippier
86%
Paul Scholes
86%
Ashley Cole
84%
Sol Campbell
84%
Kalvin Phillips
83%
Aaron Wan-Bissaka
81%
Joe Gomez
81%
Daniel Sturridge
79%
Ollie Watkins
79%
Ashley Young
78%
Ben White
78%
Chris Smalling
76%
Fikayo Tomori
74%
Michael Owen
74%
Tammy Abraham
69%
Ian Wright
67%
Gary Lineker
66%

Score Distribution

Percentile by Number Answered

Percent of People with Each Score

Your Score History

You have not taken this quiz